000 01232nam a2200325 c 4500
999 _c342866
_d342866
003 BLK
005 20200424112132.0
008 180911b bul|||||r ||||||| ||bul||
010 _a002527
040 _aBLK
041 _aBUL
_cBUL
080 _z886.7-32
100 1 _aТОДОРОВ, Петко
_eпърви автор
_9396650
245 0 0 _aВ Гетсиманската градина ; Една песен ; Дядо Матея ; По жътва ; Камъни
246 _pепос-разкази
260 _aСофия
_bЦвят
_c1919
300 _a48 с., 1 л
_bпортр.
_c21 см
380 _a82
490 _aБиблиотека Родна лит
490 _aЧастна колекция - Академик Михаил Арнаудов
_gДарение - Основен фонд
500 _aАвтограф с текст: На Д-р М. Арнаудов с молба за отзив от издателството 29 Април 1919 г. София;
501 _aКор. опис.
650 _aПроза
_9167961
653 _aепос
653 _aразкази
655 _aбългарска литература
_9396199
700 1 _aПетко Тодоров
_9397897
852 _aМА 1122
_bМА
942 _cKNG
_n0
_s1
944 _aCR
_c1996
_kValK
999 _d342866
999 _d342866